Ekonomika služieb a CR vybrané kapitoly 1.

Gespeichert in:
Bibliographische Detailangaben
Körperschaft: Vysoká škola ekonomická v Bratislave. Obchodná fakulta
Format: Buch
Sprache:Slowakisch
Veröffentlicht: Bratislava Vysoká škola ekonomická 1980
Tags: Tag hinzufügen
Keine Tags, Fügen Sie das erste Tag hinzu!

MARC

LEADER 00000nam a2200000 4500
001 0223950
005 20240822101705.1
041 0 |a slo 
044 |a SK 
245 1 0 |a Ekonomika služieb a CR  |b vybrané kapitoly 1. 
264 1 |a Bratislava  |b Vysoká škola ekonomická  |c 1980 
300 |a 215 s. 
710 2 |a Vysoká škola ekonomická v Bratislave. Obchodná fakulta